| 000 | 00760nam a2200205Ia 4500 | ||
|---|---|---|---|
| 003 | GCL | ||
| 008 | 140319s9999 xx 000 0 ara d | ||
| 040 |
_aGCL / _cGCL |
||
| 082 | 0 | 4 |
_a338.9538 _bغ ا |
| 100 | 1 | _aغانم سلطان | |
| 245 | 1 | 0 |
_aالاثار الاقتصادية للغزو العراقى للكويت دراسة مسحية تحليلية / _cغانم سلطان |
| 700 | 1 | _aفتحى عبدالله فياض | |
| 260 |
_aالكويت : _bمجلس النشر العلمى ، _c1998 |
||
| 300 | _a200ص | ||
| 490 |
_aحوليات كلية الاداب _v0 |
||
| 650 | 0 | 4 | _aالاقتصاد |
| 650 | 0 | 4 | _aالكويت - الاحوال الاقتصادية |
| 650 | 0 | 4 | _aالكويت - التنمية الاقتصادية |
| 942 |
_2ddc _cBK |
||
| 999 |
_c3927 _d3927 |
||